Between a Tomb and a Hard Place: Tomb Inscriptions as a Source of Historical Information /
The present paper discusses some methodological problems associated with the use of “tomb inscriptions” as a source of information for the study of the socioeconomic history of the Old Kingdom. The discussion is directly linked to the study of the dynamic of private-tomb construction, and relates to...
المؤلف الرئيسي:
التنسيق: كتاب
اللغة: Undetermined
الوصول للمادة أونلاين: Login to view Source
الوسوم: إضافة وسم
رقم الطلب:
| LEADER | 00905nam a2200109Ia 4500 | ||
|---|---|---|---|
| 008 | 220712s9999||||xx |||||||||||||| ||und|| | ||
| 100 | 1 | |a Chauvet, Violaine. | |
| 245 | 1 | 0 | |a Between a Tomb and a Hard Place: Tomb Inscriptions as a Source of Historical Information / |c Violaine Chauvet. |
| 520 | 3 | |a The present paper discusses some methodological problems associated with the use of “tomb inscriptions” as a source of information for the study of the socioeconomic history of the Old Kingdom. The discussion is directly linked to the study of the dynamic of private-tomb construction, and relates to the analysis of the textual material, which mentions the commissioning of the monuments or part thereof (who did what for whom). | |
| 856 | 4 | |u https://lockwoodonlinejournals.com/index.php/jarce/workflow/access/18 | |
| 952 | |0 0 |1 0 |4 0 |7 1 |9 42298 |a JARCE |b JARCE |d 2022-08-09 |l 0 |r 2022-08-09 00:00:00 |w 2022-08-09 |y PT | ||
| 999 | |c 49061 |d 49061 | ||
